Ακμή και παρακμή των Ρωμαίων

Αποθηκεύτηκε σε:
Λεπτομέρειες βιβλιογραφικής εγγραφής
Κύριος συγγραφέας: Montesquieu, Charles de Secondat, baron de, 1689-1755
Άλλοι συγγραφείς: Καραβίας, Στάθης (Μεταφραστής)
Μορφή: Βιβλίο
Γλώσσα:Greek
French
Δημοσίευση: Εν Αθήναις : Ελευθερουδάκης, [1925]
Θέματα:
Ετικέτες: Προσθήκη ετικέτας
Δεν υπάρχουν, Καταχωρήστε ετικέτα πρώτοι!

MARC

LEADER 00000cam a2200000 i 4500
001 1/93467
008 080909s1925 gre d
035 |l 10099998 
040 |a GR-MY-UA  |b gre  |e aacr 
041 1 |a gre  |h fre 
082 0 |a 937.06  |2 (22) 
100 1 |a Montesquieu, Charles de Secondat,   |c baron de,   |d 1689-1755. 
245 1 0 |a Ακμή και παρακμή των Ρωμαίων /  |c Μοντεσκιέ (Montesquieu) ; μετάφρασις Στ. Καραβία 
260 |a Εν Αθήναις :   |b Ελευθερουδάκης,   |c [1925] 
300 |a 224 σ.;  |c 18 εκ. 
651 0 |a Rome  |x History  |y Empire, 30 B.C.-284 A.D. 
700 1 |a Καραβίας, Στάθης.  |4 trl 
852 |a INST  |b RHODES  |c AKA  |e 20080909  |h  937.06 MON  |p 005400027396  |q 005400027396  |t BK  |y 0 
901 |a BIBL4-2008-3 
909 |a Ρ  |b 152873 
970 |a ΧΑΡΙΟΠΟΛΙΤΟΥ  |b ΚΩΝΣΤΑΝΤΙΝΑ  |z 2008/09/09